|
|
|
|
| LEADER |
00752nam a22002051 4500 |
| 001 |
c000361449 |
| 003 |
CARM |
| 005 |
00000000000000.0 |
| 008 |
851113s1956 nyu 0 eng d |
| 019 |
1 |
|
|a 23957616
|z 27674625
|z 4141915
|z 64958322
|5 LACONCORD2021
|
| 035 |
|
|
|a (OCoLC)259756
|5 LACONCORD2021
|
| 100 |
1 |
|
|a Eisenstein, Victor W.
|
| 245 |
1 |
0 |
|a Neurotic interaction in marriage /
|c ed. by V.W.Eisenstein.
|
| 260 |
|
|
|a N.Y. :
|b Basic Books,
|c 1956.
|
| 650 |
|
0 |
|a Neuroses.
|
| 650 |
|
0 |
|a Marriage.
|
| 852 |
8 |
|
|b CARM
|h A1:AP34G0
|i B08006
|p 0356021
|f BK
|
| 082 |
0 |
4 |
|a 301.426
|
| 999 |
f |
f |
|i 5e0ad598-8290-5c52-b1c5-43cb38de0b9a
|s 7df34da3-fc73-5d2f-a817-744a63c197ea
|
| 952 |
f |
f |
|p Can circulate
|a CAVAL
|b CAVAL
|c CAVAL
|d CARM 1 Store
|e B08006
|f A1:AP34G0
|h Other scheme
|i book
|m 0356021
|